|
|
|
|
| LEADER |
00800nam a2200193 i 4500 |
| 003 |
GR-PaULI |
| 005 |
20220211131317.0 |
| 008 |
220203s1951 gr ||||| |||| 00| 0 eng d |
| 952 |
|
|
|0 0
|1 0
|2 ddc
|4 0
|6 831_800000000000000_BOE
|7 0
|9 355586
|a LISP
|b LISP
|c DON
|d 2022-02-03
|e ΠΑΤ
|i 147121
|l 0
|o 831.8 BOE
|p 025000273585
|r 2022-02-03 00:00:00
|t 1
|v 2022.00
|w 2022-02-03
|y BKN
|
| 999 |
|
|
|c 208390
|d 208390
|
| 040 |
|
|
|a GR-PaULI
|b gre
|c GR-PaULI
|e AACR2
|
| 082 |
0 |
4 |
|2 23
|a 831.8
|
| 100 |
1 |
|
|9 189918
|a Boehringer, Robert
|e συγγραφέας.
|
| 245 |
1 |
0 |
|a Mein bild von Stefan George :
|b tafeln /
|c Robert Boehringer.
|
| 260 |
|
|
|a Munchen :
|b Helmut Kupper vormals George Bondi,
|c c1951.
|
| 300 |
|
|
|a 175 σ. :
|b εικ. ;
|c 24 εκ.
|
| 600 |
1 |
4 |
|9 190137
|a George, Stefan,
|d 1868-1933
|
| 942 |
|
|
|2 ddc
|c BKN
|
| 998 |
|
|
|c ΣΑΤΛΑΝΗΣ
|d 2022-02
|